00469nam a22001337a 450000500170000002000260001703700130004324501410005626000400019727000390023730000250027694200170030199900170031820120120125144.0 a9788121935562c350.00 adplbPub aEmpowerment of Women: Emerging dimensions :ba scholastic approach on various dimensions of women empowerment /cedited by Krishna Gupta aNew DelhibS.Chand & Company c2010 a7361, Ram NagarbNew Delhie110055 aviii,191p.c25cm(Hb) 2ddccENmEMP c61313d61313